000 00634nam a22002057a 4500
003 BD-DhUIB
005 20241106112637.0
008 241106b |||||||| |||| 00| 0 eng d
020 _a9781265038540
040 _aBD-DhUIB
_cBD-DhUIB
082 _214
_a658.049 H55i
100 _aHill Charles W.L.
_9301
245 _aInternational Business /
_bcompeting in the global marketplace :
_cby Charles W. L. Hill
250 _a14th ed.
260 _aNew York :
_bMc-Grow Hill,
_cc2023 :
300 _axxvi, 704p,
_bill. ;
_c27 cm.
526 _aBBA
650 _2International Business competing in the global marketplace
942 _2ddc
_cBK
999 _c377
_d377